000 00368nam a2200133Ia 4500
005 20260328104257.0
008 260328s9999||||xx |||||||||||||| ||und||
100 _ade Sola-Morales, Ignasi
245 0 _aMies Van der Rohe; el Pabellón de Barcelona /
_cIgnasi de Sola-Morales
260 _bGustavo Gili
300 _a70 p.
650 _aMies Van Der Rohe
942 _cBK
999 _c10466
_d10466